000 00317 a2200145 4500
001 156597
040 _cEscola São Tomás de Aquino
100 _aLEMBO, Antonio
240 1 0 _aA Aventura do Saber
_lpor
245 1 0 _aA Aventura do Saber
300 _a240
362 0 _a2015
697 _aCIÊNCIAS
942 _cBK
999 _c156597
_d156597